| 000 | 00906nam a2200277 i 4500 | ||
|---|---|---|---|
| 001 | bg | ||
| 003 | BPK | ||
| 005 | 20220323113534.0 | ||
| 008 | 990505s1998 pl a f f |000 0 pol | ||
| 015 | _aPB 1999/6454 | ||
| 020 | _a8371601468 | ||
| 040 |
_aWA N _cBPK |
||
| 041 | 0 | _apol | |
| 080 | _a633.88(438) | ||
| 080 | _a(075.8) | ||
| 100 | 1 | _aAntkowiak, Lidia. | |
| 245 | 1 | 0 |
_aRośliny lecznicze / _cLidia Antkowiak. |
| 260 |
_aPoznań : _bWydaw. Akademii Rolniczej im. Augusta Cieszkowskiego, _c1998. |
||
| 300 |
_a217 s. : _bmapy ; _c24 cm. |
||
| 504 | _aBibliogr. s. 183-186. | ||
| 650 | 4 |
_aRośliny lekarskie _zPolska. |
|
| 655 | 4 | _aPodręczniki akademickie | |
| 710 | 2 |
_aWydawnictwo Akademii Rolniczej (Poznań) _bWydawnictwo. _4pbl. |
|
| 856 |
_uhttp://koha.tu.koszalin.pl/cgi-bin/koha/opac-detail.pl?biblionumber=45346 _yKatalog online BPK |
||
| 942 |
_2UKD _cKS |
||
| 999 |
_c45346 _d45346 |
||